000
00219 a2200097 4500
001
27877
100
_a
Llewellyn, R
245
_a
At Sunrise the rough music
260
_a
_b
New English Library
_c
090
_c
18614
_d
18614
942
_a
NUST-CAE
_c
M
_c
9574
999
_c
262950
_d
262950